| 000 | 01117nam a2200253 i 4500 | ||
|---|---|---|---|
| 001 | 165888 | ||
| 003 | ES-MaACL | ||
| 005 | 20250927154534.0 | ||
| 008 | 021018s1897 fr a |||| | fre d | ||
| 040 |
_aCCPB | B _bspa _cCCPB | B |
||
| 100 | 1 |
_aSuess, Eduard. _9108731 |
|
| 245 | 1 | 3 |
_aLa face de la terre _b: (das Antlitz der Erde) / _cpar Ed. Suess ; traduit de l'allemand ... sous la direction de Emm. de Margerie ; avec une préface par Marcel Bertrand. |
| 260 |
_aParis : _bArmand Colin et C\pie\s, _c1897 ( _fTyp. Chammerot et Renouard) |
||
| 300 |
_a5 v. (XV, 835 ; 878 ; XI, 956 ; X, 957-1724 ; 258 p.) : _bil. ; _c25 cm. |
||
| 596 | _aEl vol. 5 (Tables générales de l'ouvrage) impreso en Coulommiers por Paul Brodard. | ||
| 650 | 7 |
_aGeología _2embne _913086 |
|
| 650 | 0 | 7 |
_aGeografía _2embne _913070 |
| 700 | 1 |
_aMargerie, Emmanuel de, _d1862-1953 _9129487 |
|
| 700 | 1 |
_aBertrand , Marcel Alexandre, _d1847-1907 _9142193 |
|
| 752 |
_aFrancia - _dParís |
||
| 852 |
_aES-MaACL _jB-1350-1354 _z-- Enc. hol. _x-- Completar T260: 1897-1918 |
||
| 999 |
_c165888 _d165888 |
||